| 000 | 00626nam a2200217 a 4500 | ||
|---|---|---|---|
| 005 | 20220622063454.0 | ||
| 008 | 131202s2010 es r 000 0 spa d | ||
| 020 | _a9788483431160 | ||
| 035 | _aUPN01000194376 | ||
| 049 | _aCG | ||
| 050 | 4 |
_aPR6052 A5.4 _bT5.4 |
|
| 100 | 1 |
_aBanks, Lynne Reid, _d1929- _934811 |
|
| 245 | 1 | 0 |
_aTigre, tigre / _cLynne Reid Banks ; tr. Lola Diez. |
| 260 |
_aMadrid : _bBambú, _c2010. |
||
| 300 | _a210 p. | ||
| 534 |
_pTítulo original: _tTiger, tiger |
||
| 650 | 0 |
_aLiteratura juvenil inglesa _912778 |
|
| 650 | 4 |
_aTIGRES - _vNOVELA JUVENIL _922759 |
|
| 905 | _aLibro | ||
| 999 |
_c166477 _d166477 |
||